Normal view
MARC view
- Employees, Training of.
Entry Topical Term
001 - CONTROL NUMBER
- control field: 6508
003 - CONTROL NUMBER IDENTIFIER
- control field: OSt
005 - DATE AND TIME OF LATEST TRANSACTION
- control field: 20170519154032.0
008 - FIXED-LENGTH DATA ELEMENTS
- fixed length control field: 170519|| aca||aabn | a|a d
040 ## - CATALOGING SOURCE
- Original cataloging agency: OSt
- Transcribing agency: OSt
150 ## - HEADING--TOPICAL TERM
- Topical term or geographic name entry element: Employees, Training of.
670 ## - SOURCE DATA FOUND
- Source citation: Work cat.: (OSt): Robinson, Kenneth R. 6507, A handbook of training management / , 1985.

PORTAL AKMAL
E-MEL JKDM
AKMAL2U
G-BAM
u-PUSTAKA